| 000 | 00523nam a2200181Ia 4500 | ||
|---|---|---|---|
| 999 |
_c13688 _d13688 |
||
| 003 | OSt | ||
| 005 | 20201021121708.0 | ||
| 008 | 190216s9999||||xx |||||||||||||| ||und|| | ||
| 020 | _a8185336288 | ||
| 040 | _coclc | ||
| 082 |
_a812.54 _bDEL/B |
||
| 100 |
_aDelgado, Ramon _96027 |
||
| 245 | 4 |
_aThe Best Short Plays 1987 / _cRamon Delgado |
|
| 260 |
_bAffiliated East West Press , _c1990. _aNew Delhi: |
||
| 300 | _a277p | ||
| 650 | _aEnglish Drama | ||
| 942 |
_cBK _2ddc _h812.54 _iDEL/B _k812.54 _mDEL/B |
||